Stručná příručka hovorové lékařské arabštiny : (Tunis - Alžír - Maroko) /

Hlavní autor: Gryce, Rudolf
Korporativní autor: Univerzita J.E. Purkyně v Brně. Lékařská fakulta
Další autoři: Brichta, Jaroslav
Jazyk: Arabština
Čeština
Vydáno: Praha : Státní pedagogické nakladatelství, 1962
Vydání: 1. vyd.
Edice: Učební texty vysokých škol
Fyzický popis: 56 s. ; 8°
Knihy
Uloženo v:
LEADER 01532nam a22003732a 4500
001 000340134
003 CZ BrMZK
005 20101126104624.0
007 ta
008 980105s1962 xr f cze d
015 |a cnb000473975 
035 |a (OCoLC)42102561 
040 |a ABA001  |b cze  |c OSA001  |d ABA001 
041 0 |a cze  |a ara 
080 9 |a 492.7(075) 
100 1 |a Gryce, Rudolf  |4 aut 
245 1 0 |a Stručná příručka hovorové lékařské arabštiny :  |b (Tunis - Alžír - Maroko) /  |c R. Gryce, J. Brichta 
250 |a 1. vyd. 
260 |a Praha :  |b Státní pedagogické nakladatelství,  |c 1962 
300 |a 56 s. ;  |c 8° 
490 1 |a Učební texty vysokých škol 
550 |a Vydavatel: Univ. J.E. Purkyně v Brně. Fakulta Lékařská 
500 |a 463 výt. 
700 1 |a Brichta, Jaroslav  |7 jk01013121  |4 aut 
710 2 |a Univerzita J.E. Purkyně v Brně.  |b Lékařská fakulta  |7 kn20010709348 
810 2 |a Univerzita J.E. Purkyně v Brně.  |b Lékařská fakulta.  |t Učební texty  |0 s 
910 |a BOA001  |b 1-0484.934  |b PK-0031.776 
920 |a 000697049 
990 |a BK 
991 |b 200511 
996 7 |b 2619443500  |c 1-0484.934  |l MZK  |r Sklad / do 1 hodiny  |n 0  |w 000340134  |u 000030  |a 1  |e BOA001  |j MZK50  |s A 
996 6 |b 2619443501  |c 1-0484.934  |l MZK  |r Sklad / do 1 hodiny  |n 0  |w 000340134  |u 000020  |a 1  |e BOA001  |j MZK50  |s P 
996 7 |b 2619836645  |c 1-0484.934  |l MZK  |r Sklad / do 1 hodiny  |n 2  |w 000340134  |u 000010  |a 1  |e BOA001  |j MZK50  |s A 
996 7 |b 3119656361  |c PK-0031.776  |l MZK  |r Sklad / do 1 hodiny  |n 2  |w 000340134  |u 000050  |a 1  |e BOA001  |j MZK50  |s A